Contemporary moral issues : (Record no. 2512)

MARC details
000 -LEADER
fixed length control field 00752cam a2200169 a 4500
020 ## - INTERNATIONAL STANDARD BOOK NUMBER
ISBN 0130862193 (pbk.)\
020 ## - INTERNATIONAL STANDARD BOOK NUMBER
ISBN 9780130862198
050 00 - CALL NUMBER
Classification number BJ1012
Item number .H58
100 1# - AUTHOR
Personal name Hinman, Lawrence M.
245 10 - TITLE
Title Contemporary moral issues :
Remainder of title diversity and consensus /
Statement of responsibility, etc Lawrence M. Hinman.
250 ## - EDITION
Edition statement 2nd ed.
260 ## - PUBLICATION INFORMATION
Place of publication Upper Saddle River, N.J. :
Name of publisher Prentice Hall,
Year of publication c2000.
300 ## - DESCRIPTION
Number of Pages xv, 619 p. :
Other physical details ill. ;
Dimensions 24 cm.
505 ## - FORMATTED CONTENTS NOTE
Table of Content Abortion --<br/>Cloning and reproductive technologies --<br/>Euthanasia --<br/>Punishment and the death penalty --<br/>Race and ethnicity --<br/>Gender --<br/>Sexual orientation --<br/>Poverty and welfare --<br/>World hunger and poverty --<br/>Living together with animals --<br/>Environmental ethics.
650 #0 - SUBJECTS
Topical Term Ethical problems
942 ## - ADDED ENTRY ELEMENTS (KOHA)
Koha item type Books
Holdings
Withdrawn status Lost status Collection code Home library Current library Shelving location Date acquired Full call number Accession Number Copy number Koha item type
    Reference Methodist University Library Main Methodist University Library Main General Stacks   BJ1012 .H58 4044 1 Books
Copyright © 2026  MUG Library